R v Durham CC ex p Lowther (Record no. 66291)

MARC details
000 -LEADER
fixed length control field 00989cam a2200205 4500
001 - CONTROL NUMBER
control field X111261
008 - FIXED-LENGTH DATA ELEMENTS--GENERAL INFORMATION
fixed length control field 000000n2001 000 0 eng u
035 ## - SYSTEM CONTROL NUMBER
System control number (Sirsi) u111261
245 ## - TITLE STATEMENT
Title R v Durham CC ex p Lowther
260 ## - PUBLICATION, DISTRIBUTION, ETC.
Date of publication, distribution, etc. 2001
490 ## - SERIES STATEMENT
Series statement Journal of Planning and Environment Law
Volume/sequential designation
-- [2001] JPL 354-372(19)
520 ## - SUMMARY, ETC.
Summary, etc. QBD 21 June 2000. Limeworks. Use of alternative fuels to fire kilns. Whether use of alternative fuel a material change of use. Whether subcommittee of Council misled by report. Conflicting advice from counsel. Decision by Council that no material change of use. Application for judicial review ot that decision by local resident. Application dismissed [Taken from journal headnote].
650 ## - SUBJECT ADDED ENTRY--TOPICAL TERM
Topical term or geographic name entry element R V DURHAM CC AND ANOTHER EX P LOWTHER
650 ## - SUBJECT ADDED ENTRY--TOPICAL TERM
Topical term or geographic name entry element JUDICIAL REVIEW
650 ## - SUBJECT ADDED ENTRY--TOPICAL TERM
Topical term or geographic name entry element MATERIAL CHANGE OF USE
650 ## - SUBJECT ADDED ENTRY--TOPICAL TERM
Topical term or geographic name entry element ALTERNATIVE FUELS
650 ## - SUBJECT ADDED ENTRY--TOPICAL TERM
Topical term or geographic name entry element LIMEWORKS
690 ## - LOCAL SUBJECT ADDED ENTRY--TOPICAL TERM (OCLC, RLIN)
Topical term or geographic name as entry element ENVIRONMENTAL AND LAND CONSULTANCY-PLANNING AND DEVELOPMENT
942 ## - ADDED ENTRY ELEMENTS (KOHA)
Suppress in OPAC 0
Holdings
Withdrawn status Lost status Source of classification or shelving scheme Damaged status Not for loan Home library Current library Shelving location Date acquired Total Checkouts Full call number Barcode Date last seen Copy number Price effective from Koha item type
    Dewey Decimal Classification     London London Journals 06/03/2001   X111261 111261-1001 06/08/2019 1 06/08/2019 Law report